Countries in the drainage basin of rivers Part 1 - Statistics

General Stats
  • This quiz has been taken 19 times
  • The average score is 33 of 34
Answer Stats
Answer % Correct
Argentina
100%
Benin
100%
Bolivia
100%
Brazil
100%
Burkina Faso
100%
Burundi
100%
Cambodia
100%
China
100%
Egypt
100%
Eritrea
100%
Ethiopia
100%
Kenya
100%
Laos
100%
Mali
100%
Myanmar
100%
Niger
100%
Nigeria
100%
Paraguay
100%
Rwanda
100%
South Sudan
100%
Sudan
100%
Tanzania
100%
Thailand
100%
Uruguay
100%
Vietnam
100%
Chad
94%
Democratic Republic of the Congo
94%
Guinea
94%
Uganda
94%
Cameroon
88%
Ivory Coast
88%
Mongolia
88%
Russia
88%
Algeria
76%
No matching quizzes found
Score Distribution
Percent of People with Each Score
Percentile by Number Answered
Your Score History
You have not taken this quiz